000 00894nam a2200289Ia 4500
003 OSt
005 20220925222315.0
006 a|||||r|||| 00| 0
007 ta
008 220923b |||||||| |||| 00| 0 eng d
020 _a9780230327849
_c577.5
037 _b1955, 28/01/2014, SUCCESS BOOK SERVICE
_cGeneral Book
040 _aRTL
_cRTL
_beng
041 _2eng
_aeng
082 _aY9(Y):51, P9
100 _aBARON Steve
_9287521
245 0 _aServices marketing
_b Text and cases
250 _a3rd
260 _aLondon
_bPalgrave Macmillan
_c2009
300 _axviii, 358p
_ccm.
500 _aBibliography: p 247-52
650 _aCommerce
700 _a HARRIS Kim
_9287522
700 _a HILTON Toni
_9287523
942 _hY9(Y):51, P9
_cGB
_2CC
999 _c576651
_d576651